| 000 | 00615nam a2200169 4500 | ||
|---|---|---|---|
| 001 | 137401 | ||
| 003 | ES-MaACL | ||
| 007 | t| | ||
| 008 | 070214s1923 sp r ||||1| spa d | ||
| 100 | 1 |
_aSánchez-Albornoz, Claudio, _d1893-1984 _9102440 |
|
| 245 | 1 | 0 |
_aEspaña y Francia en la Edad Media _b: causas de su diferenciación política / _cClaudio Sánchez-Albornoz. |
| 260 |
_a[s.l.] : _b[s.n.], _c1923. |
||
| 300 |
_a23 h. ; _c22 cm. |
||
| 500 | _aEs separata de la Revista de Occidente, octubre de 1923, es un ejemplar fotocopiado. | ||
| 852 |
_aES-MaACL _jL-8957 _bR.110656 |
||
| 999 |
_c137401 _d137401 |
||